000 00582nam a2200217Ia 4500
008 160525s9999||||xx |||||||||||||| ||und||
040 _cHindi
082 _aIX/Omanananda
082 _bBORI-108294
245 _aPatanjal Yog aur Shri Arvind ki yog-paddhati
300 _a88+4
300 _cD
300 _eHardbound
530 _u00108294.pdf
563 _aStudy
630 _aPatanjal Yog aur Shri Arvind ki yog-paddhati
650 _a"Nyaya,Yoga,Tantra,Vedanta"
650 _aDarshanas
730 _aPatanjal Yog aur Shri Arvind ki yog-paddhati
942 _cBOOK
999 _c1386966
_d1386963